| 000 | 01074cam a22003015i 4500 | ||
|---|---|---|---|
| 001 | 18927098 | ||
| 003 | OSt | ||
| 005 | 20240215150726.0 | ||
| 008 | 160106s2016 nyu 000 0 eng | ||
| 010 | _a 2016930176 | ||
| 020 | _a9789811005473 | ||
| 040 |
_aDLC _beng _cDLC _erda _dDLC |
||
| 042 | _apcc | ||
| 082 |
_a670 _bHAN |
||
| 245 | 0 | 0 |
_aHandbook of sustainability in additive manufacturing. _hVolume: 01 |
| 260 |
_bSpringer, _c2016. |
||
| 263 | _a1603 | ||
| 300 | _a168 p.: | ||
| 650 |
_aSustainable engineering _95719 |
||
| 650 |
_aProduction management _99306 |
||
| 650 |
_aSustainable development _99307 |
||
| 856 | 4 | 2 |
_3Contributor biographical information _uhttp://www.loc.gov/catdir/enhancements/fy1608/2016930176-b.html |
| 856 | 4 | 2 |
_3Publisher description _uhttp://www.loc.gov/catdir/enhancements/fy1608/2016930176-d.html |
| 856 | 4 | 1 |
_3Table of contents only _uhttp://www.loc.gov/catdir/enhancements/fy1608/2016930176-t.html |
| 906 |
_a0 _bibc _corignew _d2 _eepcn _f20 _gy-gencatlg |
||
| 942 |
_2ddc _cBK _aSADA _k670 HAN 2016 |
||
| 999 |
_c607794 _d607794 |
||